[Event "HCL-B3808"]
[Site "www.playchess.de"]
[Date "2006.02.13"]
[Round "17"]
[White "djpnola"]
[Black "JuliusCaesar"]
[WhiteElo "1173"]
[BlackElo "1158"]
[PlyCount "81"]
[Result "1-0"]

1.f4 {Hello again.}  d5 {Greetings, and have a 
nice game!}  2.d4 {You, too.
}  Nc6 3.h3 Nf6 4.Nc3 Bf5 5.e3 e6 6.Bd3 Bxd3 
7.Qxd3 a6 8.Nf3 h6 9.Bd2 Bd6 10.O-O-O O-O 11.Ne5 
Nd7 12.e4 dxe4 13.Qxe4 Ncxe5 14.dxe5 Be7 15.Qxb7 
c5 16.Qb3 Rb8 17.Qc4 Rb4 18.Qxa6 Qb8 19.Na4 Rb5 
20.Bc3 Rd8 21.Qc6 Qb7 22.Qxb7 Rxb7 23.Ba5 Rdb8 
24.g4 R7b5 25.Rxd7 Rxa5 26.Rxe7 Rxa4 27.Kb1 Rxf4 
28.b3 Re4 29.Rd1 Rxe5 30.Rdd7 Rf8 31.c4 Re3 32.h4 
Rg3 33.Rdc7 Rxg4 34.Rxc5 Rxh4 35.b4 Ra8 36.Ra5 
Rxa5 37.bxa5 Rxc4 38.a6 Kf8 39.Rb7 Rc8 40.a7 Ra8 
41.Rb8+ 1-0

[Event "HCL-E1564"]
[Site "www.playchess.de"]
[Date "2006.02.13"]
[Round "8"]
[White "Emerson"]
[Black "ippuli"]
[WhiteElo "1790"]
[BlackElo "1579"]
[PlyCount "63"]
[Result "1-0"]

1.e4 {welcome again! since 2 days we also have a 
lovely landscape with snow.
good luck in our group!
:-))}  e5 {Thank's! Same to you... We have almost 
too much snow.}  2.Qe2 Nf6 {Have you played chess 
for long time?}  3.Nf3 {I learned chess when I was 
10, but I paused until my 16th birthday. Then I 
joined a chessclub; since then (1970) im 
continiously playing. But I left the chessclub in 
1975 (no time).
What about your chess-career!?}  d6 {Started in 
'94. Played 2-5 tournaments per year, mostly in 
Finland. Since '97 1-2 tournaments per year in 
Russia (Kostamus and Kem). No time for practise, 
playing for fun...}  4.h3 {I also play just for 
fun, because my job costs a lot of time (teacher). 
When I was young, I played some tournaments in 
Germany and Switzerland (Biel).}  Nc6 {Good 
results in chess needs too much time, it is not 
fun anymore! :-))}  5.c3 {that´it. If you want to 
be an rather good top-player you have to study 
chess 5 or 6 hours a day. 
Therefore:
Let´s fun!}  Be7 {Ok!}  6.d3 O-O 7.g4 d5 8.Bg2 Be6 
9.Nbd2 d4 10.O-O dxc3 11.bxc3 Bc5 {Do you still 
have snow? How much?}  12.Bb2 {We still have some 
snow (only 5 cm), but it is becoming warmer and I 
think on friday we will be "naked".
Not far from us (30 km) are some higher mountains 
(500m) - there we can find the rest of an idyllic 
winter world next weekend.}  h5 {And you are going 
to practice some slalom?? :-)}  13.g5 {I never 
went by ski in my whole life! When we have snow I 
walk or run (10 km) through the romatic wood here. 
But tomorrow I´ll go swiming.}  Nh7 {The water 
would be quite cold!! :-O}  14.h4 {O yes!  
:-))
But I swim in a hall (water 28°)
:-))}  f5 {Of course... Many people here are going 
every day to river, sea or lake!! They say it's 
good for your health! My mother swims in 
river-Oulu every day...}  15.exf5 {your mother 
swims every day in a river? also in winter? 
brrrrrr...}  Bxf5 {It quite common here... Not for 
me, yet!}  16.Ne4 Bxe4 17.dxe4 b6 18.Qc4+ Kh8 
19.g6 Nf6 20.Ng5 Na5 21.Nf7+ Rxf7 22.Qxf7 Qd2 
23.Bc1 Qxc3 24.Bh6 {my hope...}  Rg8 {There is 
always a hope!!}  25.Bxg7+ Rxg7 26.Qxf6 Be7 27.Qf5 
{thank you for interesting draw in our other 
"party". I have to leave at 3 o´clock because of 
conferences at school (from 15.30-19.30). Ohhh 
:-((}  Bc5 {:)}  28.Rad1 Nc6 29.Qc8+ Rg8 30.Qf5 
Kg7 31.Qf7+ {oops...   (Rg7)}  Kh8 {Wouldn't 
help.... Only some time! Thank you for the exiting 
game, waiting for revenge!! ;-))}  32.Qh7+ {to you 
best wishes. so long, Norbert} 
 1-0

[Event "HCL-B3803"]
[Site "www.playchess.de"]
[Date "2006.02.13"]
[Round "6"]
[White "Oreocereus_trollii"]
[Black "Chas"]
[WhiteElo "1502"]
[BlackElo "1456"]
[PlyCount "36"]
[Result "0-1"]

1.d4 {Hi! I wish us an interesting game}  Nf6 
{What more could one wish for, all the best from 
Lancashire UK}  2.c4 {I´m from Regensburg in 
Bavaria. At the moment we have nearly a half meter 
snow, it´s a hard winter this year.}  e6 3.Nc3 Bb4 
{the area I live in has plenty of frost but no 
snow, I believe, from  news broadcasts, that other 
parts of the country are having problems with 
snow, we may experience similar in the not too 
distant future. Do you ski?}  4.a3 {I´m not the 
great ski driver, but I live 100 km from the 
"Bayerischer Wald". I go regular in the fitneß- 
and chessclub, I play in the Oberpfalzliga since 
two years.}  Bxc3+ 5.bxc3 O-O 6.e3 c5 7.Bd3 d5 
8.cxd5 Qxd5 9.Nf3 Nc6 10.e4 Nxe4 11.c4 Nc3 12.cxd5 
Nxd1 13.dxc6 Nc3 14.Bd2 Nd5 15.O-O bxc6 16.dxc5 
Rd8 17.Rfd1 h6 18.Ba5 Re8 0-1

[Event "HCL-A2587"]
[Site "www.playchess.de"]
[Date "2006.02.13"]
[Round "6"]
[White "baggur"]
[Black "foinaven"]
[WhiteElo "1600"]
[BlackElo "1453"]
[PlyCount "55"]
[Result "1-0"]

1.e4 {hi}  c5 {hi - we have met before 3 times}  
2.Nf3 {Oh, we have? I did not find it in my 
database. What is the score so far?}  Nc6 {I have 
3 losses and 1 draw.}  3.d4 cxd4 4.Nxd4 {Aha, very 
good !}  e5 5.Nb5 Bc5 6.Nd6+ Bxd6 7.Qxd6 Nge7 
8.Bc4 O-O 9.O-O a6 10.Bg5 b5 11.Bd5 Ra7 12.Rd1 Bb7 
13.Nc3 Re8 14.Bb3 Nd4 {Your a tough guy to play. I 
changed my name from peakbagger.}  15.Qxe5 {Aha, 
that explains why I did not find you in my 
database}  Nxb3 16.axb3 f6 17.Qd4 Nc6 18.Qd5+ Kh8 
19.Bf4 Ba8 20.Qd2 Ne5 21.Nxb5 axb5 {shit - missed 
that}  22.Rxa7 {Anyway you were under some 
presure}  Bxe4 {yes but 19....Ne5 was much 
better.}  23.Bxe5 {That is certainly true.}  fxe5 
24.Rxd7 Qf6 25.Rd8 Bc6 26.Rxe8+ Bxe8 27.Qd8 Qc6 
28.Rd6 1-0

[Event "ACL-A655"]
[Site "www.playchess.de"]
[Date "2006.02.13"]
[Round "1"]
[White "PrinceKheldar"]
[Black "miki75"]
[WhiteElo "1868"]
[BlackElo "1500"]
[PlyCount "34"]
[Result "0-1"]

1.d4 b6 2.e4 Bb7 3.Bd3 e6 4.Nf3 h6 5.Nc3 Qf6 6.O-O 
Nc6 7.e5 Qe7 8.d5 exd5 9.Nxd5 Qd8 10.c4 Bc5 11.a3 
d6 12.b4 Bd4 13.Nxd4 Nxd4 14.exd6 Qxd6 15.Bf4 Qd7 
16.Be4 Bxd5 17.Qxd4 Nf6 0-1

[Event "HCL-B3686"]
[Site "www.playchess.de"]
[Date "2006.02.13"]
[Round "2"]
[White "jsaemi"]
[Black "sripradeep"]
[WhiteElo "1477"]
[BlackElo "1555"]
[PlyCount "61"]
[Result "1-0"]

1.e4 {hi, where in india are}  c5 2.Nf3 Nc6 3.Bc4 
e6 4.c3 d5 5.exd5 exd5 6.Bb3 Nf6 7.O-O Bg4 8.h3 
Bh5 9.g4 Bg6 10.Re1+ Be7 11.d4 c4 12.Bc2 Qd6 
13.Nbd2 Bxc2 14.Qxc2 O-O 15.Ne5 Nd7 16.Ndf3 Rae8 
17.Bf4 Bf6 18.Ng6 Nxd4 19.Nxd4 Ne5 20.Bxe5 Bxe5 
21.Nxf8 Rxf8 22.Nf5 Qf6 23.Re2 g6 24.Rae1 Bb8 
25.Ne7+ Kh8 26.Nxd5 Qd6 27.f4 Qxd5 28.R2e8 Kg8 
29.Qe4 Qc5+ 30.Kg2 b5 31.Rxf8+ 1-0

[Event "HCL-C4162"]
[Site "www.playchess.de"]
[Date "2006.02.13"]
[Round "1"]
[White "Henri"]
[Black "nichju"]
[WhiteElo "769"]
[BlackElo "1060"]
[PlyCount "26"]
[Result "0-1"]

1.e4 {Bonjour et Bonne partie}  e5 {Hello and good 
luck to you}  2.Nf3 Nc6 3.Bc4 Nf6 4.Nc3 Bc5 5.O-O 
O-O 6.d3 d6 7.a3 a6 8.Bb3 Bg4 9.Ba2 Nd4 10.Be3 
Nxf3+ 11.gxf3 Bd7 12.Kh1 Nh5 13.Ne2 {You play good 
;-)) and me, very bad ;-)}  Qf6 {No, but if we 
want to be the next world champion, we have to 
learn so much}  0-1

[Event "HCL-B3850"]
[Site "www.playchess.de"]
[Date "2006.02.13"]
[Round "1"]
[White "Marvinni"]
[Black "Kold_Blooded_Ken"]
[WhiteElo "1787"]
[BlackElo "1350"]
[PlyCount "31"]
[Result "1-0"]

1.d4 d5 2.Nc3 Nf6 3.Bg5 Nc6 4.Bxf6 gxf6 5.e4 dxe4 
6.Bb5 Rg8 7.g3 e5 8.d5 Bg4 9.Qd2 f5 10.Nge2 f4 
11.O-O-O e3 12.fxe3 f3 13.dxc6 Qf6 14.cxb7+ c6 
15.bxa8Q+ Ke7 16.Qad8+ 1-0

[Event "HCL-C4098"]
[Site "www.playchess.de"]
[Date "2006.02.13"]
[Round "25"]
[White "spartan1"]
[Black "nichju"]
[WhiteElo "908"]
[BlackElo "1010"]
[PlyCount "72"]
[Result "0-1"]

1.Nc3 e5 2.e4 c6 3.Bc4 Nf6 4.d3 Bc5 5.Nf3 d5 6.Bb3 
d4 7.Na4 Bb4+ 8.Bd2 Bxd2+ 9.Qxd2 b5 10.Nc5 Nbd7 
11.Nxd7 Bxd7 12.Nxe5 O-O 13.h3 c5 14.O-O Be6 
15.Bxe6 fxe6 16.Nc6 Qd6 17.Na5 Qa6 18.Nb3 c4 
19.Nc5 Qc6 20.Qb4 a5 21.Qd2 {So, OK. If you just 
want that knight.}  Qxc5 22.a3 c3 23.bxc3 dxc3 
24.Qe3 Qxe3 25.fxe3 b4 26.axb4 axb4 27.Rxa8 Rxa8 
28.Rb1 Rb8 29.g4 b3 30.Rxb3 Rxb3 31.Kf1 Rb2 32.Ke1 
Rxc2 33.Kd1 Ra2 34.e5 Nd5 35.e4 Ne3+ 36.Kc1 
Ra1+ 0-1

[Event "HCL-C4153"]
[Site "www.playchess.de"]
[Date "2006.02.13"]
[Round "5"]
[White "Linman2"]
[Black "nichju"]
[WhiteElo "1454"]
[BlackElo "1096"]
[PlyCount "65"]
[Result "1-0"]

1.e4 e6 2.d4 d5 3.Nd2 Nc6 4.c3 Bd6 5.e5 Be7 6.f4 
Nh6 7.Ngf3 Bh4+ 8.g3 Be7 9.Bd3 Ng4 10.Nf1 O-O 
11.Bd2 f6 12.exf6 Bxf6 13.Qc2 Ne7 14.Bxh7+ Kh8 
15.h3 Nh6 16.O-O-O Nef5 17.Bg6 Be7 18.g4 Nd6 19.g5 
Nhf5 20.h4 Nc4 21.h5 Nxd2 22.Qxd2 c6 23.h6 gxh6 
24.Bxf5 Rxf5 25.Rxh6+ Kg7 26.Ng3 Rf8 27.Qh2 Rh8 
28.Rh1 Qd6 29.Rh7+ Rxh7 30.Qxh7+ Kf8 31.Qh8+ Kf7 
32.Rh7+ Kg6 33.Nh4+ 1-0

[Event "HCL-E1543"]
[Site "www.playchess.de"]
[Date "2006.02.13"]
[Round "7"]
[White "Eishockeytorwart"]
[Black "alldrix"]
[WhiteElo "1979"]
[BlackElo "1586"]
[PlyCount "79"]
[Result "1-0"]

1.e4 {welcome from germany}  e6 {greetings from 
Aracaju}  2.d4 d5 3.e5 c5 4.Nf3 Nc6 5.c3 cxd4 
6.cxd4 Nge7 7.Bd3 Bd7 8.Nc3 a6 9.O-O Ng6 10.Bg5 
Be7 11.Bxe7 Qxe7 12.Bxg6 fxg6 13.Na4 b5 14.Nc5 O-O 
15.Rc1 a5 16.Nxd7 Qxd7 17.Rc5 b4 18.Qd2 Rfc8 
19.Rfc1 Ne7 20.h3 h6 21.b3 Rc6 22.R5xc6 Nxc6 
23.Rc2 Rc8 24.Rc5 Qd8 25.Qd3 Kf7 26.Qa6 Ne7 27.Qd6 
Qxd6 28.exd6 Rxc5 29.dxc5 Nc6 30.Kf1 e5 31.Ke2 Ke6 
32.Ke3 e4 33.Nd4+ Nxd4 34.Kxd4 g5 35.f3 exf3 
36.gxf3 h5 37.d7 Kxd7 38.Kxd5 Kc7 39.c6 h4 
40.Kc5 1-0

[Event "HCL-C3926"]
[Site "www.playchess.de"]
[Date "2006.02.13"]
[Round "11"]
[White "Designiori"]
[Black "technician"]
[WhiteElo "1414"]
[BlackElo "1228"]
[PlyCount "142"]
[Result "0-1"]

1.d4 d5 2.c4 Nf6 3.Nc3 Bf5 4.e3 e6 5.Qb3 b6 6.cxd5 
exd5 7.g3 Bd6 8.Bg2 O-O 9.Nge2 c6 10.O-O Bd3 
11.Rd1 Bc4 12.Qc2 Ng4 13.f3 Nf6 14.e4 dxe4 15.fxe4 
Ng4 16.e5 Bc7 17.Ne4 b5 18.h3 Nh6 19.Bxh6 gxh6 
20.Nf6+ Qxf6 21.exf6 Re8 22.Qf5 Rxe2 23.Qg4+ Kf8 
24.Qg7+ Ke8 25.Rde1 Kd7 26.Qg4+ Re6 27.Rxe6 Bxe6 
28.Qg8 Bd8 29.Rf1 Na6 30.a3 Rc8 31.b4 Bxf6 32.Qxh7 
Bxd4+ 33.Kh2 c5 34.Rd1 Ke7 35.Bb7 Rh8 36.Qe4 Nc7 
37.bxc5 Bxc5 38.Bc6 Bd6 39.Qe3 a5 40.Bb7 Rg8 
41.Rg1 Rg5 42.h4 Re5 43.Qxh6 Re2+ 44.Rg2 Re5 
45.Qc1 Rc5 46.Qb2 Rc4 47.Rc2 Rxh4+ 48.Kg2 Rh3 
49.Re2 Rxg3+ 50.Kf2 Rxa3 51.Bf3 Bc5+ 52.Kg2 b4 
53.Qe5 Bd6 54.Qg5+ Kd7 55.Bh5 Bd5+ 56.Kf2 Bc5+ 
57.Kf1 Ra1+ 58.Re1 Bc4+ 59.Be2 Bxe2+ 60.Kxe2 Ra2+ 
61.Kd3 Ra3+ 62.Kc2 Rc3+ 63.Kb2 Ne6 64.Qd5+ Kc7 
65.Qe5+ Kb7 66.Qd5+ Kb6 67.Rf1 a4 68.Rxf7 a3+ 
69.Ka1 Nc7 70.Rf6+ Ka5 71.Rf7 Nxd5 0-1

[Event "HCL-C4070"]
[Site "www.playchess.de"]
[Date "2006.02.13"]
[Round "9"]
[White "IRONMAIDEN"]
[Black "Talisman77"]
[WhiteElo "1382"]
[BlackElo "1225"]
[PlyCount "145"]
[Result "1/2-1/2"]

1.e4 Nc6 2.Nc3 e6 3.Nf3 Nf6 4.Bb5 Bb4 5.Bxc6 bxc6 
6.d3 Ba6 7.O-O d6 8.Ne2 O-O 9.c3 Ba5 10.b4 Bb6 
11.c4 c5 12.b5 Bb7 13.a4 a5 14.Bb2 e5 15.Ng3 Bc8 
16.Bc1 Bg4 17.Qe2 Qd7 18.Bg5 Qe6 19.Qe3 Nh5 
20.Nxh5 Bxh5 21.Bh4 f6 22.Nd2 Kh8 23.f4 Qd7 
24.fxe5 dxe5 25.Nf3 c6 26.Rab1 Bd8 27.Kh1 Be7 
28.bxc6 Qxc6 29.Rb5 Rfb8 30.Rfb1 Bd6 31.R1b3 Bf7 
32.Qd2 Qe8 33.Bf2 Qc6 34.R5xb8+ Rxb8 35.Rxb8+ Bxb8 
36.Qb2 Bc7 {(offering draw)}  37.Nd2 {oh Colin, 
that`s a hard decision! I`d rather go for a win, 
even though I don`t have an inkling how...}  Be6 
38.Qb5 Bd7 39.Nb3 Bb6 40.Bxc5 Qxb5 41.cxb5 Be6 
42.Bxb6 Bxb3 43.Bxa5 Bxa4 44.b6 Bc6 45.Kg1 Kg8 
46.Bb4 Kf7 47.Bd6 Ke8 48.Bc7 Kd7 49.Kf2 Bb7 50.g4 
Ke6 51.Ke3 g6 52.h3 h6 53.Kd2 Bc8 54.Kc3 Kd7 
55.Kc4 Kc6 56.d4 exd4 57.Kxd4 Ba6 58.e5 fxe5+ 
59.Kxe5 h5 60.Kf4 hxg4 61.Kxg4 Bd3 62.h4 Bc2 
63.Kg5 Bd3 64.h5 gxh5 65.Kxh5 Bc4 66.Kg6 Ba6 
67.Kf6 Bb7 68.Ke7 Ba6 69.Ke6 Bb7 70.Ke5 Ba6 71.Kd4 
Bb7 72.Kc4 Ba6+ 73.Kb4 {(offering draw) no way for 
me to get the queen - except you wanna please get 
out of the way...}  1/2-1/2

[Event "HCL-T258"]
[Site "www.playchess.de"]
[Date "2006.02.13"]
[Round "18"]
[White "GCP"]
[Black "Sixty4"]
[WhiteElo "1398"]
[BlackElo "1719"]
[PlyCount "37"]
[Result "1-0"]

1.b4 e5 {Hi Roberto, nice to meet you in "real 
life"... ;-)}  2.Bb2 {it's the same for me, have a 
nice game}  Bxb4 3.Bxe5 Nf6 4.a3 Ba5 {Interesting 
move, never saw that one before.}  5.Nf3 {probably 
because I never played Sokolowski with white :))}  
Nc6 6.Bb2 O-O 7.e3 d5 8.Be2 Re8 9.O-O {finally the 
weekend :)}  Bb6 {Not yet... :-(}  10.d4 {just now 
...}  Na5 {Yes. No is time to play! :-)}  11.Nbd2 
{... to play, to cook, to clean home and the 
terrace (little more than a big balcony) and to 
water plants ... and play with my little son too 
(he's useful to play with chess pieces as they are 
soldier !!!) ... 'cause my wife is went to the 
hairdresser :))}  c5 {As you could see, the same 
applies to me... Maybe there is more time during 
the weekdays. But yesterday I even played OTB 
(team competition).}  12.Nb3 {it's better playing 
chess 'live' ...but, believe me, I was born a 
second time from when I discovered playchess.de 
:))}  c4 {That's remarkable, considering that 
PlayChess was never meant to be a (re-) birth 
clinic... ;-)}  13.Nc5 {... not a so easy 
decision}  Qe7 {Yes - for both of us.}  14.Na4 {I 
don't like your black bishop so near to my Queen 
side}  Bc7 {Then I will point it to your King side 
- just to please you. ;-)}  15.Bc3 {many thanks 
:))}  Nc6 16.Re1 Ne4 17.Bb2 {it's the the bishop 
dance...}  Bg4 {Just in time... :-)}  18.Nc3 {too 
much work !}  Rad8 {Yes, indeed!}  
19.Nd2 1-0

[Event "HCL-C4122"]
[Site "www.playchess.de"]
[Date "2006.02.13"]
[Round "1"]
[White "Foxlord"]
[Black "Metal"]
[WhiteElo "800"]
[BlackElo "800"]
[PlyCount "42"]
[Result "0-1"]

1.e4 e5 2.f4 d6 3.Nf3 Bg4 4.fxe5 Bxf3 5.Qxf3 dxe5 
6.Bd3 f6 7.Bc4 Ne7 8.O-O c6 9.Na3 a6 10.d3 Nd7 
11.c3 Nc5 12.b4 Nd7 13.Bb2 Qc7 14.d4 O-O-O 15.dxe5 
Nxe5 16.Qf4 N7g6 17.Qf5+ Kb8 18.Kh1 Nh4 19.Qf2 g5 
20.Qxf6 Ng4 21.Qxh8 Qxh2+ 0-1

[Event "HCL-A2602"]
[Site "www.playchess.de"]
[Date "2006.02.13"]
[Round "1"]
[White "dynamike"]
[Black "Wernswig"]
[WhiteElo "1475"]
[BlackElo "1362"]
[PlyCount "29"]
[Result "0-1"]

1.e4 e5 {hi, good luck}  2.Nf3 Nf6 3.d4 exd4 
4.Nxd4 Bc5 5.Nc3 O-O 6.Be3 Re8 7.f3 d5 8.Qd3 dxe4 
9.Nxe4 Nxe4 10.fxe4 Qh4+ 11.Bf2 Qxe4+ 12.Qxe4 
Rxe4+ 13.Be2 Bxd4 14.O-O-O Nc6 
15.c3 0-1

[Event "HCL-E1555"]
[Site "www.playchess.de"]
[Date "2006.02.13"]
[Round "8"]
[White "Jovandeka"]
[Black "manolo_vs"]
[WhiteElo "2100"]
[BlackElo "1552"]
[PlyCount "30"]
[Result "0-1"]

1.e4 e5 2.Nf3 Nc6 3.Bc4 f5 4.d3 f4 5.g3 g5 6.d4 
Bg7 7.Nxe5 Nxe5 8.dxe5 h5 9.Bxg8 Rxg8 10.Qxh5+ Kf8 
11.gxf4 d5 12.Qf3 gxf4 13.Bxf4 dxe4 14.Qxe4 c6 
15.Nc3 Qh4 0-1

[Event "HCL-E1555"]
[Site "www.playchess.de"]
[Date "2006.02.13"]
[Round "3"]
[White "Jovandeka"]
[Black "kinghunter"]
[WhiteElo "2100"]
[BlackElo "1789"]
[PlyCount "66"]
[Result "0-1"]

1.e4 d6 2.d4 Nf6 3.Nc3 c6 4.Nf3 Bg4 5.h3 Bh5 6.Qe2 
e6 7.g4 Bg6 8.g5 Nfd7 9.Nh4 Be7 10.Nxg6 hxg6 11.d5 
e5 12.h4 Nf8 13.Be3 Nbd7 14.O-O-O Nb6 15.Qf3 Nfd7 
16.dxc6 bxc6 17.Ba6 Qc7 18.h5 Nf8 19.h6 gxh6 
20.Rxh6 Rxh6 21.gxh6 Nh7 22.Qg2 Nd7 23.Bc4 Bf6 
24.a3 Ke7 25.Rg1 Rg8 26.Qg4 Ndf8 27.Kb1 Ne6 28.Ne2 
Neg5 29.Rh1 Rd8 30.Bb3 Qd7 31.Qg2 Kf8 32.Rd1 Qe7 
33.Qg4 Rd7 0-1

[Event "HCL-E1555"]
[Site "www.playchess.de"]
[Date "2006.02.13"]
[Round "1"]
[White "kaktus35"]
[Black "Jovandeka"]
[WhiteElo "1736"]
[BlackElo "2100"]
[PlyCount "38"]
[Result "1-0"]

1.d4 {greetings from germany}  Nf6 2.Nf3 d5 3.c4 
e6 4.Nc3 c6 5.e3 Nbd7 6.Bd2 Bd6 7.Rc1 Ne4 8.Bd3 f5 
9.a3 O-O 10.O-O e5 11.cxd5 Nxc3 12.Bxc3 e4 13.dxc6 
Nb6 14.cxb7 Bxb7 15.Be2 exf3 16.Bxf3 Be4 17.Bxe4 
fxe4 18.Qg4 Qe7 19.Rfd1 Rf6 1-0

[Event "HCL-E1576"]
[Site "www.playchess.de"]
[Date "2006.02.13"]
[Round "9"]
[White "Nimzoindianboy"]
[Black "Jovandeka"]
[WhiteElo "1526"]
[BlackElo "2100"]
[PlyCount "22"]
[Result "1-0"]

1.Nf3 d5 2.c4 dxc4 3.e3 Be6 4.Nd4 Bd5 5.Bxc4 Bxc4 
6.Qa4+ b5 7.Nxb5 Bxb5 8.Qxb5+ Nd7 9.Nc3 e6 10.d4 
c5 11.O-O Ngf6 1-0

[Event "HCL-E1576"]
[Site "www.playchess.de"]
[Date "2006.02.13"]
[Round "3"]
[White "Sinla"]
[Black "Jovandeka"]
[WhiteElo "1797"]
[BlackElo "2100"]
[PlyCount "26"]
[Result "1-0"]

1.e4 e5 2.Nf3 Nc6 3.Bb5 a6 4.Ba4 {I forgot to wish 
you a pleasant game, so there you go ;)}  Nf6 
5.O-O Be7 6.Re1 b5 7.Bb3 O-O 8.c3 d6 9.h3 Na5 
10.Bc2 c5 11.d4 Qc7 12.Nbd2 Bd7 13.Nf1 
Nc4 1-0

[Event "HCL-E1555"]
[Site "www.playchess.de"]
[Date "2006.02.13"]
[Round "5"]
[White "Emerson"]
[Black "Jovandeka"]
[WhiteElo "1838"]
[BlackElo "2100"]
[PlyCount "56"]
[Result "1-0"]

1.c4 {welcome and good luck in our group!}  Nf6 
2.Nc3 g6 3.g3 Bg7 4.Bg2 c5 5.d3 Nc6 6.e3 O-O 
7.Nge2 a6 8.O-O Rb8 9.Qb3 b5 10.a3 Na5 11.Qa2 bxc4 
12.dxc4 Nb3 13.Rb1 d6 14.Nf4 g5 15.Nfd5 Ng4 16.e4 
e6 17.Ne3 Ne5 18.Rd1 g4 19.h3 gxh3 20.Bxh3 Nf3+ 
21.Kf1 Qg5 22.Bg2 Qh5 23.Ne2 Nbd4 24.Ng1 Nh2+ 
25.Ke1 Bb7 26.b4 f5 27.bxc5 Bxe4 28.Rxb8 
Rxb8 1-0

[Event "HCL-M853"]
[Site "www.playchess.de"]
[Date "2006.02.13"]
[Round "2"]
[White "player27"]
[Black "Ezechiel"]
[WhiteElo "1751"]
[BlackElo "1819"]
[PlyCount "61"]
[Result "1-0"]

1.d4 {good luck in the tournament!}  e6 {Dir auch, 
Andy!}  2.c4 {danke : )}  c5 3.d5 exd5 4.cxd5 Nf6 
5.Nc3 d6 6.e4 Be7 7.Nf3 Bg4 8.Be2 Nbd7 9.Bf4 O-O 
10.O-O Qb6 11.a4 Qxb2 12.Rc1 Rac8 13.Nd2 Bxe2 
14.Nxe2 Qb6 15.Nc4 Qc7 16.Nc3 a6 17.Bg3 Nb6 18.Ne3 
Rfe8 19.f4 g6 20.e5 Nh5 21.Qf3 Nxg3 22.Qxg3 Qd8 
23.Ne4 Nxa4 24.Ng4 Kh8 25.Qh3 dxe5 26.fxe5 Qxd5 
27.Nef6 Qd4+ 28.Kh1 Bxf6 29.Nxf6 h5 30.Nxh5 gxh5 
31.Qxh5+ 1-0

[Event "HCL-B3840"]
[Site "www.playchess.de"]
[Date "2006.02.13"]
[Round "4"]
[White "sonnyspock"]
[Black "PhilipKaveny"]
[WhiteElo "1158"]
[BlackElo "1353"]
[PlyCount "79"]
[Result "1-0"]

1.e4 c5 2.Nf3 d6 3.d4 cxd4 4.Nxd4 Nc6 5.Nc3 a6 
6.a4 g6 7.Be2 Bg7 8.Be3 Nf6 9.O-O h5 10.f4 Ng4 
11.Bxg4 Bxg4 12.Qd2 Bd7 13.Nxc6 bxc6 14.a5 c5 
15.Nd5 Bxb2 16.Rab1 Bg7 17.Nb6 Rb8 18.Nxd7 Kxd7 
19.Bxc5 Ke8 20.Bb6 Qc8 21.Rfc1 Qc3 22.Qxc3 Bxc3 
23.Rb3 Bg7 24.c4 f6 25.c5 dxc5 26.Rxc5 Kf7 27.Rd3 
Rbc8 28.Rcd5 Rc1+ 29.Kf2 Rhc8 30.f5 gxf5 31.exf5 
Bh6 32.R5d7 R8c2+ 33.Kg3 R2c4 34.Ra7 Rg4+ 35.Kh3 
Bg5 36.g3 Rcc4 37.Rdd7 Rce4 38.Bc5 h4 39.Bxe7 hxg3 
40.Bd6+ 1-0

[Event "HCL-C4138"]
[Site "www.playchess.de"]
[Date "2006.02.13"]
[Round "8"]
[White "pera"]
[Black "gi4o"]
[WhiteElo "984"]
[BlackElo "800"]
[PlyCount "49"]
[Result "1-0"]

1.e4 {Hi and good luck for the game...}  d5 2.Nc3 
Nf6 3.e5 d4 4.Nb5 Ng4 5.f3 Nxe5 6.f4 Nec6 7.Nf3 a6 
8.Ne5 Nxe5 9.fxe5 axb5 10.Bxb5+ Bd7 11.Bc4 Nc6 
12.O-O Nxe5 13.Qh5 g6 14.Qxe5 f6 15.Rxf6 Bg7 
16.Bf7+ Kf8 17.Bd5+ Bxf6 18.Qf4 c6 19.Bc4 Qb6 
20.d3 Ke8 21.Bd2 Qxb2 22.Re1 Rf8 23.Bb3 Rxa2 
24.Qb8+ Bc8 25.Qxc8+ 1-0

[Event "HCL-A2595"]
[Site "www.playchess.de"]
[Date "2006.02.13"]
[Round "2"]
[White "onin"]
[Black "TyrTRR"]
[WhiteElo "1700"]
[BlackElo "1700"]
[PlyCount "26"]
[Result "0-1"]

1.e4 d6 {Nice to meet you, good luck in our game.} 
 2.d4 {Good game}  Nf6 3.Nc3 g6 4.f4 Bg7 5.Nf3 c5 
6.dxc5 Qa5 7.cxd6 Nxe4 8.Bb5+ Bd7 9.Bxd7+ Nxd7 
10.O-O Bxc3 11.dxe7 Qc5+ 12.Kh1 Bg7 13.Re1 
Nf2+ 0-1

[Event "HCL-C4098"]
[Site "www.playchess.de"]
[Date "2006.02.13"]
[Round "34"]
[White "JMD"]
[Black "lontjr"]
[WhiteElo "1293"]
[BlackElo "1159"]
[PlyCount "21"]
[Result "1-0"]

1.d4 {hello from Paris}  Nf6 {Greetings from USA, 
North Carolina.  Here's to a good game!}  2.Bg5 c5 
3.Bxf6 exf6 4.d5 Bd6 5.e4 O-O 6.Nc3 Qb6 7.b3 Be5 
8.Qd2 d6 9.Bc4 Bg4 10.f3 Bh5 11.g4 1-0

[Event "HCL-C4098"]
[Site "www.playchess.de"]
[Date "2006.02.13"]
[Round "31"]
[White "lontjr"]
[Black "aidogael"]
[WhiteElo "1159"]
[BlackElo "1126"]
[PlyCount "37"]
[Result "0-1"]

1.c4 {Hi, and here's to a good game!}  e5 2.Nc3 
Nf6 {Thanks, best wishes to you}  3.Nf3 Nc6 4.g3 
Bc5 5.Bg2 O-O 6.O-O d5 7.d3 Bf5 8.Bg5 d4 9.Nd5 Be7 
10.Bxf6 Bxf6 11.Nxf6+ Qxf6 12.a3 a6 13.b4 b5 14.e4 
Bg4 15.c5 a5 16.Qb3 axb4 17.axb4 Bxf3 18.Bh3 Qh6 
19.Bd7 {Nowhere to run, nowhere to hide!} 
 0-1